| 000 | 01039nam a2200241Ii 4500 | ||
|---|---|---|---|
| 003 | JO-AjNU | ||
| 005 | 20240629124443.0 | ||
| 008 | 230605s9999||||xx |||||||||||||| ||und|| | ||
| 040 |
_aJO-AjNU _bara _erda _cJO-AjNU |
||
| 041 | _aara | ||
| 050 | 1 | 4 | _aK564.2022 |
| 100 | 1 |
_aبني عامر، سمير محمود عبدالرحيم _eمعد _965816 |
|
| 245 | 0 | _aالمسؤولية الجزائية عن جرائم التشهير الالكتروني(دراسة مقارنة)=Criminal Responsibility for the Defamation Through Electronic Means(A Comparative Study / | |
| 264 | 3 | 1 | _a2022 |
| 300 | _a115 ورقة | ||
| 336 |
_atext _btxt _2rdacontent |
||
| 337 |
_aunmediated _bn _2rdamedia |
||
| 338 |
_avolume _bnc _2rdacarrier |
||
| 500 | _aرسالة جامعية(اطروحة ماجستير) تخصص القانون /كليةالحقوق جامعة عجلون الوطنية، 2022 | ||
| 650 | 4 |
_aجرائم التشهير-قانون _962524 |
|
| 700 | 1 |
_aالغرايبة، زيد ابراهيم _eمشرف _965199 |
|
| 942 |
_2lcc _cTHS |
||
| 999 |
_c31884 _d31884 |
||